000 00499pam a2200169a 44500
008 230405s2022 xxu||||| |||| 00| 0 eng d
041 _aENG
100 _aSETHI GURAV
245 _aUNIFIED DEVELOPMENT CONTROL AND PROMOTION REGULATIONS FOR MAHARASHTRA STATE WITH NOTIFICATION HIGHLIGHTS FREQAENCTLY ASKED QUESTIONS
250 _a2021 Ed.
260 _aPune
_bHind Law House Pune
_c2022
300 _a1-442p.
440 _a675.00
650 _aLAND LAW
690 _aFIVE YEAR
906 _a5009
999 _c876604
_d876604